00731nam a2200205 a 450000100100000000500170001000800410002702000150006804000250008308200150010810000280012324500790015126000560023030000280028659000260031470000270034070000280036795201130039599900170050800004224420201002040027.0131120s1988 sp a r 000 0 spa d a8450556414 aDO-SdBNPbspacBNPHU axxxxbxxxx1 aPortillo, Rafael96926410aAbecedario del teatro /cRafael Portillo, Jesús Casado, Gonzalo Recacha. aMadrid :bCentro de Documentación Teatral,c1988. a164 p. :bil. ;c22 cm. aInventariado, 2019/BT12aCasado, Jesús96926512aRecacha, Gonzalo969266 001050718MOaGRbGRcHDd2013-11-20iLF1l0oxxxx xxxxp42244-10r2020-06-25w2020-06-25y1ZNo se presta c41733d41733